000 00901nam a22002657a 4500
001 BR8903873
003 BR-BrBNA
005 20230928093257.0
007 ta
008 230509b bl.||||| |||| 00| 0 por d
040 _aBR-BrBNA
_bpor
_cBiblioteca Nacional de Agricultura
041 _a(Por)
072 _aH60
_b3876
090 _ 3876 BR8903873
110 1 _aInstituto de Ecologia e Experimentacao Agricolas, Itaguai, RJ (Brasil)
_96025
111 1 _a2. Seminario Brasileiro de Herbicidas e Ervas Daninhas
_cBelo Horizonte, MG (Brazil)
_d31 Jul-2 Aug 1958
245 1 _a2. Seminario Brasileiro de Herbicidas e Ervas Daninhas realizado no Instituto Agronomico do estado de Minas Gerais
260 3 _aItaguai, RJ (Brasil):
_c1959.
300 _a242 p.
650 _aERVA DANINHA
650 _aHERBICIDA
650 _aCONTROLE QUIMICO
909 _a202309
_bLucia
_c55
_dLucia Elande
942 _cBK
999 _c44042
_d44042